[Event "Albena op-A"]
[Site "Albena"]
[Date "2015.06.24"]
[Round "8"]
[White "Wen, Yang"]
[Black "Kovchan, Alexander"]
[Result "1-0"]
[WhiteElo "2592"]
[BlackElo "2582"]
[PlyCount "77"]
[EventDate "2015.06.17"]
[EventType "swiss"]
[EventRounds "9"]
[EventCountry "BUL"]
[SourceTitle "CBM 167 Extra"]
[Source "ChessBase"]
[SourceDate "2015.09.14"]
[SourceVersion "1"]
[SourceVersionDate "2015.09.14"]
[SourceQuality "1"]

1. d4 Nf6 2. Bg5 e6 3. e4 h6 4. Bxf6 Qxf6 5. c3 e5 6. Bc4 Qg6 7. Ne2 d5 8. Bxd5
c6 9. Bb3 Qxg2 10. Rg1 Qxe4 11. Nd2 Qf5 12. Ng3 Qg4 13. Nf3 Be6 14. h3 Qxh3 15.
Nxe5 Nd7 16. Rh1 Bxb3 17. Qxb3 Qe6 18. Qxb7 Rb8 19. Qxc6 Qxc6 20. Nxc6 Rxb2 21.
Kf1 Ba3 22. Re1+ Kf8 23. Rh5 g5 24. Nf5 Nf6 25. Rh3 h5 26. c4 Rxa2 27. c5 h4
28. Rb1 Kg8 29. Nce7+ Kh7 30. f4 Ne4 31. fxg5 Rf2+ 32. Kg1 Rf4 33. Rxa3 Nxg5
34. c6 Rg4+ 35. Kh1 Ne4 36. c7 Nf2+ 37. Kh2 Rg5 38. Rf3 Ng4+ 39. Kh1 1-0

[Event "China Mind Team KO 3rd"]
[Site "Zaozhuang"]
[Date "2015.09.02"]
[Round "2.5"]
[White "Wen, Yang"]
[Black "Xu, Jun"]
[Result "1-0"]
[WhiteElo "2620"]
[BlackElo "2526"]
[PlyCount "81"]
[EventDate "2015.09.01"]
[EventType "team-k.o."]
[EventRounds "3"]
[EventCountry "CHN"]
[SourceTitle "EXT 2016"]
[Source "ChessBase"]
[SourceDate "2015.10.08"]
[SourceVersion "1"]
[SourceVersionDate "2015.10.08"]
[SourceQuality "1"]
[WhiteTeam "Shandong"]
[BlackTeam "Jiangsu Province"]
[WhiteTeamCountry "CHN"]
[BlackTeamCountry "CHN"]

1. d4 Nf6 2. Bg5 d5 3. e3 c5 4. Bxf6 gxf6 5. dxc5 e6 6. c4 dxc4 7. Nd2 Bxc5 8.
Bxc4 Nd7 9. Ngf3 b6 10. O-O Bb7 11. Qe2 O-O 12. Rfd1 Qe7 13. Ba6 Bxf3 14. Qxf3
Ne5 15. Qg3+ Ng6 16. Ne4 Rad8 17. h4 h5 18. Be2 f5 19. Nxc5 bxc5 20. Bxh5 Qxh4
21. Qxh4 Nxh4 22. Rac1 Rxd1+ 23. Rxd1 Rb8 24. Rd7 Ng6 25. b3 a5 26. Ra7 c4 27.
Bxg6 fxg6 28. bxc4 Rc8 29. Rxa5 Rxc4 30. Ra7 g5 31. a4 Rc1+ 32. Kh2 Rc2 33. Kg3
f4+ 34. Kf3 e5 35. exf4 exf4 36. a5 g4+ 37. Kxf4 Rxf2+ 38. Kg3 Ra2 39. a6 Ra4
40. Kh4 Kh8 41. g3 1-0

[Event "ch-CHN Blitz 2018"]
[Site "Tianjin CHN"]
[Date "2018.06.08"]
[Round "8.2"]
[White "Wen Yang"]
[Black "Bai, Jinshi"]
[Result "1-0"]
[WhiteElo "2596"]
[BlackElo "2594"]
[PlyCount "107"]
[EventDate "2018.06.07"]
[EventType "swiss (blitz)"]
[EventRounds "9"]
[EventCountry "CHN"]
[SourceTitle "The Week in Chess 1231"]
[Source "Mark Crowther"]
[SourceDate "2018.06.11"]
[SourceVersion "2"]
[SourceVersionDate "2018.06.12"]
[SourceQuality "2"]

1. d4 Nf6 2. Bg5 d5 3. e3 g6 4. Nf3 Bg7 5. Nbd2 O-O 6. c3 Nbd7 7. Be2 Re8 8.
O-O e5 9. Nxe5 Nxe5 10. dxe5 Rxe5 11. Bf4 Re8 12. a4 a5 13. h3 c6 14. Qb3 Nd7
15. Rfe1 Nc5 16. Qa3 Bf8 17. Qa2 Bf5 18. Bh2 Qb6 19. Red1 Bd3 20. Bf1 Bxf1 21.
Rxf1 Bh6 22. Bg3 Nd3 23. Nf3 Nc5 24. Rad1 Ne4 25. Be5 Re7 26. c4 Rae8 27. Bd4
c5 28. Bc3 Nxc3 29. bxc3 dxc4 30. Qxc4 Re4 31. Qa2 Qc6 32. Ra1 Bg7 33. Rfc1 b6
34. Nd2 Rh4 35. Qc2 Rd8 36. Rd1 Bf6 37. Nf3 Rxd1+ 38. Qxd1 Rc4 39. Rb1 Rxc3 40.
Nd2 Rd3 41. Qc2 Rd8 42. Nc4 Rb8 43. Nxa5 Qc7 44. Nc4 Be7 45. Rb5 Bd8 46. Qb3
Qd7 47. a5 Ra8 48. axb6 Ra1+ 49. Kh2 Qf5 50. Qb2 Bf6 51. b7 Bxb2 52. b8=Q+ Kg7
53. Rxb2 Rc1 54. Qe5+ 1-0

[Event "Winants-Galkin m"]
[Site "playchess.com INT"]
[Date "2007.02.19"]
[Round "?"]
[White "Winants, Luc"]
[Black "Galkin, Alexander"]
[Result "1-0"]
[WhiteElo "2516"]
[BlackElo "2590"]
[PlyCount "53"]
[EventDate "2007.02.19"]
[EventType "match (blitz)"]
[EventRounds "13"]
[EventCountry "GER"]
[SourceTitle "CBM 117 Extra"]
[Source "ChessBase"]
[SourceDate "2007.05.09"]
[SourceVersion "1"]
[SourceVersionDate "2007.05.09"]
[SourceQuality "1"]

1. d4 Nf6 2. Bg5 e6 3. e3 Be7 4. c4 d5 5. Nc3 h6 6. Bh4 O-O 7. Nf3 b6 8. Rc1
Bb7 9. Bxf6 Bxf6 10. cxd5 exd5 11. b4 a5 12. b5 Qd6 13. g3 Bc8 14. Bg2 a4 15.
O-O a3 16. Ne1 Bb7 17. Nd3 Nd7 18. Nf4 Ra5 19. Qb3 Bd8 20. Bxd5 Bxd5 21. Ncxd5
Re8 22. Rc6 Qf8 23. Rfc1 Nb8 24. R6c2 Qd6 25. Nxc7 Bxc7 26. Rxc7 Rf8 27. Rxf7
1-0

[Event "World Rapid 2018"]
[Site "St Petersburg RUS"]
[Date "2018.12.27"]
[Round "9.44"]
[White "Yakubboev, Nodirbek"]
[Black "Adly, A."]
[Result "1-0"]
[WhiteElo "2556"]
[BlackElo "2626"]
[PlyCount "75"]
[EventDate "2018.12.26"]
[EventType "swiss (rapid)"]
[EventRounds "15"]
[EventCountry "RUS"]
[SourceTitle "The Week in Chess 1260"]
[Source "Mark Crowther"]
[SourceDate "2018.12.31"]
[SourceVersion "2"]
[SourceVersionDate "2019.08.03"]
[SourceQuality "2"]

1. d4 Nf6 2. Bg5 Ne4 3. Bf4 c5 4. f3 Nf6 5. d5 g6 6. c4 b5 7. cxb5 Bg7 8. Nc3
O-O 9. e4 d6 10. Bc4 a6 11. Nge2 Nh5 12. Bg5 Nd7 13. a4 Ne5 14. b3 f5 15. O-O
f4 16. Bh4 h6 17. Be1 g5 18. h3 Kh7 19. Ra2 Rg8 20. bxa6 Bf6 21. Nc1 Rg6 22.
Nd3 Qh8 23. Nb5 Bxa6 24. Nxe5 Bxe5 25. Nc7 Bxc4 26. bxc4 Rc8 27. Nb5 Ng3 28.
Bxg3 fxg3 29. a5 Rf6 30. a6 Rcf8 31. a7 g4 32. Qa4 Rxf3 33. gxf3 Bd4+ 34. Nxd4
Qxd4+ 35. Kg2 gxh3+ 36. Kxh3 Qe5 37. a8=Q Rf4 38. Q4e8 1-0

[Event "World Rapid 2018"]
[Site "St Petersburg RUS"]
[Date "2018.12.27"]
[Round "10.30"]
[White "Yakubboev, Nodirbek"]
[Black "Pantsulaia, L."]
[Result "1-0"]
[WhiteElo "2556"]
[BlackElo "2597"]
[PlyCount "75"]
[EventDate "2018.12.26"]
[EventType "swiss (rapid)"]
[EventRounds "15"]
[EventCountry "RUS"]
[SourceTitle "The Week in Chess 1260"]
[Source "Mark Crowther"]
[SourceDate "2018.12.31"]
[SourceVersion "2"]
[SourceVersionDate "2019.08.03"]
[SourceQuality "2"]

1. d4 Nf6 2. Bg5 c5 3. Bxf6 gxf6 4. d5 Qb6 5. Qc1 f5 6. c4 Bg7 7. Nc3 d6 8. e3
Nd7 9. Nf3 Nf6 10. Bd3 Ne4 11. Bxe4 fxe4 12. Nd2 f5 13. O-O O-O 14. f3 exf3 15.
Rxf3 Bd7 16. Qc2 Rf7 17. Raf1 Raf8 18. b3 Qd8 19. Ne2 e5 20. dxe6 Bxe6 21. Nf4
Bd7 22. Rg3 Kh8 23. Nf3 Re7 24. Qd3 Bc6 25. Ng5 Rf6 26. Nh5 Be4 27. Qc3 Qf8 28.
Nxe4 Rxe4 29. Rxg7 Re5 30. Nxf6 Qxg7 31. Nd5 b5 32. Qa5 Qd7 33. Qc3 Qg7 34. Qd3
bxc4 35. bxc4 Qg5 36. Qb3 Qd8 37. Qb7 a5 38. Qf7 1-0

[Event "Wch Rapid"]
[Site "Doha"]
[Date "2016.12.26"]
[Round "3"]
[White "Yu, Yangyi"]
[Black "Fressinet, Laurent"]
[Result "1-0"]
[WhiteElo "2729"]
[BlackElo "2672"]
[PlyCount "95"]
[EventDate "2016.12.26"]
[EventType "swiss (rapid)"]
[EventRounds "15"]
[EventCountry "QAT"]
[SourceTitle "CBM 176"]
[Source "ChessBase"]
[SourceDate "2017.01.17"]
[SourceVersion "1"]
[SourceVersionDate "2017.01.17"]
[SourceQuality "1"]

1. d4 Nf6 2. Bg5 d5 3. e3 c5 4. Nd2 Nc6 5. c3 cxd4 6. exd4 Bf5 7. Qb3 Qd7 8.
Ngf3 e6 9. Ne5 Qc7 10. Bxf6 gxf6 11. Nef3 O-O-O 12. Be2 e5 13. Qa4 Kb8 14. Bb5
Bd7 15. O-O-O e4 16. Nh4 f5 17. g3 f4 18. Ng2 Bh6 19. Rhe1 Rhe8 20. Kb1 a6 21.
Bxc6 Bxc6 22. Qb3 Qd7 23. Qc2 Bb5 24. c4 dxc4 25. Nxe4 Ba4 26. b3 cxb3 27. axb3
Bc6 28. Nf6 Qh3 29. Nxf4 Bxf4 30. Nxe8 Bxe8 31. gxf4 Rc8 32. Qd3 Qxh2 33. Qe3
Bd7 34. Rc1 Rxc1+ 35. Rxc1 Qg2 36. Kb2 h5 37. Rc5 h4 38. Rg5 Qc6 39. d5 Qd6 40.
Qe5 Kc7 41. Rh5 f6 42. Qxd6+ Kxd6 43. Kc3 Be8 44. Rh8 Bf7 45. Kd4 h3 46. b4 h2
47. Rxh2 Bxd5 48. Rh6 1-0

[Event "Shenzhen Celebrity 6th"]
[Site "Shenzhen"]
[Date "2016.11.27"]
[Round "3"]
[White "Yu, Yangyi"]
[Black "Zhou, Jianchao"]
[Result "1-0"]
[WhiteElo "2721"]
[BlackElo "2635"]
[PlyCount "95"]
[EventDate "2016.11.27"]
[EventType "tourn (rapid)"]
[EventRounds "7"]
[EventCountry "CHN"]
[EventCategory "17"]
[SourceTitle "CBM 176"]
[Source "ChessBase"]
[SourceDate "2017.01.17"]
[SourceVersion "1"]
[SourceVersionDate "2017.01.17"]
[SourceQuality "1"]

1. d4 Nf6 2. Bg5 Ne4 3. Bf4 c5 4. f3 Qa5+ 5. c3 Nf6 6. d5 e6 7. e4 exd5 8. exd5
d6 9. Qd2 Nbd7 10. c4 Qxd2+ 11. Kxd2 b5 12. Na3 a6 13. b3 b4 14. Nc2 a5 15. Bd3
Be7 16. a3 Ra6 17. axb4 axb4 18. Nh3 O-O 19. Bf5 Re8 20. Rhe1 Kf8 21. Rxa6 Bxa6
22. Ng5 Ne5 23. Ra1 Ra8 24. Bc8 Rxc8 25. Rxa6 Nh5 26. Be3 h6 27. Ne4 Rd8 28. g4
Nf6 29. Nxf6 Bxf6 30. Ne1 Bh4 31. Ng2 Bf6 32. Ke2 Ng6 33. f4 Bc3 34. h4 Ke7 35.
h5 Nf8 36. Nh4 g6 37. hxg6 fxg6 38. Kf3 Bf6 39. g5 hxg5 40. fxg5 Be5 41. Kg4
Kf7 42. Nf3 Nd7 43. Ra7 Kf8 44. Bf2 Ke8 45. Nd2 Bd4 46. Bg3 Ne5+ 47. Bxe5 Bxe5
48. Nf3 1-0

[Event "PRO League KO Stage 2020"]
[Site "chess.com INT"]
[Date "2020.09.26"]
[Round "4.2"]
[White "Yu Yangyi"]
[Black "Tari, A."]
[Result "1-0"]
[WhiteElo "2709"]
[BlackElo "2634"]
[PlyCount "95"]
[EventDate "2020.03.02"]
[EventType "team (rapid)"]
[EventRounds "4"]
[SourceTitle "The Week in Chess 1351"]
[Source "Mark Crowther"]
[SourceDate "2020.09.28"]
[SourceVersion "1"]
[SourceVersionDate "2020.09.28"]
[SourceQuality "2"]
[WhiteTeam "China Pandas"]
[BlackTeam "Canada Chessbrahs"]

1. d4 Nf6 2. Bg5 d5 3. e3 c5 4. Bxf6 gxf6 5. dxc5 e6 6. c4 dxc4 7. Nd2 c3 8.
bxc3 Bxc5 9. Qh5 Be7 10. Ngf3 Nc6 11. Bb5 Bd7 12. O-O a6 13. Be2 Qa5 14. Qh6
O-O-O 15. Nc4 Qc5 16. Rab1 Kb8 17. Nb6 Ka7 18. Nd4 e5 19. Nxd7 Rxd7 20. Nf5 e4
21. Ng3 Qg5 22. Qh3 Rhd8 23. Nxe4 Qe5 24. Bf3 Na5 25. Qxh7 f5 26. Ng3 Nc4 27.
Qxf7 Nd2 28. Qxf5 Qxf5 29. Nxf5 Nxb1 30. Rxb1 Bf6 31. c4 b6 32. a4 Rd2 33. Bd5
Ra2 34. e4 Rxa4 35. f4 Ra1 36. Rxa1 Bxa1 37. e5 a5 38. e6 Bf6 39. e7 Rc8 40.
Nd6 Rh8 41. e8=Q Bd4+ 42. Kf1 Rxe8 43. Nxe8 a4 44. Nd6 Bc5 45. Nb5+ Ka6 46. Ke2
a3 47. Nxa3 Bxa3 48. g4 1-0

[Event "PRO League KO Stage 2020"]
[Site "chess.com INT"]
[Date "2020.03.09"]
[Round "2"]
[White "Yu Yangyi"]
[Black "Mons, L."]
[Result "1-0"]
[WhiteElo "2709"]
[BlackElo "2543"]
[PlyCount "75"]
[EventDate "2020.03.02"]
[EventType "team (rapid)"]
[EventRounds "4"]
[SourceTitle "The Week in Chess 1322"]
[Source "Mark Crowther"]
[SourceDate "2020.03.09"]
[SourceVersion "1"]
[SourceVersionDate "2020.03.09"]
[SourceQuality "2"]
[WhiteTeam "China Pandas"]
[BlackTeam "Germany Bears"]

1. d4 Nf6 2. Bg5 e6 3. Nd2 d5 4. c3 Be7 5. e3 c5 6. Bd3 Nbd7 7. Ngf3 b6 8. Ne5
Nxe5 9. dxe5 Nd7 10. Bxe7 Qxe7 11. f4 Qh4+ 12. g3 Qe7 13. Qg4 f6 14. Nf3 Bb7
15. Qh5+ Qf7 16. Qxf7+ Kxf7 17. Rf1 Ke7 18. Bb5 Nf8 19. O-O-O a6 20. Ba4 b5 21.
Bc2 Nd7 22. exf6+ gxf6 23. g4 a5 24. h4 Rag8 25. g5 b4 26. h5 e5 27. gxf6+ Kxf6
28. fxe5+ Ke6 29. e4 Rg3 30. exd5+ Bxd5 31. Bf5+ Kxf5 32. Rxd5 Ke6 33. Rd6+ Ke7
34. Nh4 Rh3 35. Nf5+ Ke8 36. Rfd1 Rf8 37. Ng7+ Ke7 38. Rxd7# 1-0

[Event "Goglidze Memorial"]
[Site "Tbilisi"]
[Date "1988.09.??"]
[Round "6"]
[White "Zaichik, Gennadi"]
[Black "Gufeld, Eduard"]
[Result "1-0"]
[WhiteElo "2510"]
[BlackElo "2510"]
[PlyCount "125"]
[EventDate "1988.09.??"]
[EventType "tourn"]
[EventRounds "11"]
[EventCountry "URS"]
[EventCategory "11"]
[SourceTitle "TD"]
[Source "ChessBase"]
[SourceDate "1994.03.01"]
[SourceVersion "1"]
[SourceVersionDate "1994.03.01"]
[SourceQuality "1"]

1. d4 Nf6 2. Bg5 Ne4 3. Bf4 d5 4. e3 c5 5. f3 Qa5+ 6. c3 Nf6 7. Nd2 cxd4 8.
exd4 g6 9. Bd3 Bg7 10. Bxb8 Rxb8 11. f4 O-O 12. Ngf3 Qb6 13. Rb1 Nh5 14. g3 Bg4
15. O-O e6 16. Kg2 Rfe8 17. Qb3 Qd6 18. Rbe1 Bf5 19. Bb5 Rec8 20. Ne5 Nf6 21.
Be2 b5 22. a3 h5 23. h3 Qe7 24. g4 hxg4 25. hxg4 Be4+ 26. Bf3 a5 27. Nxe4 dxe4
28. Bxe4 Nxe4 29. Rxe4 Qb7 30. Rfe1 b4 31. axb4 axb4 32. c4 f5 33. c5 Re8 34.
c6 Qc7 35. gxf5 gxf5 36. R4e3 Rbd8 37. Nf3 Qxc6 38. Rxe6 Rxe6 39. Rxe6 Qd5 40.
Qe3 Kf8 41. Kg3 b3 42. Kh4 Qb5 43. Kg5 Kg8 44. Kg6 Qd7 45. Re7 Qc6+ 46. Qe6+
Qxe6+ 47. Rxe6 Kf8 48. Rb6 Bxd4 49. Rxb3 Bc5 50. Kxf5 Ke7 51. Ne5 Rf8+ 52. Ke4
Kd6 53. Rb7 Bg1 54. b4 Bh2 55. Nd3 Kc6 56. Rh7 Bg1 57. Rg7 Bb6 58. Rg5 Rd8 59.
b5+ Kc7 60. Rd5 Rc8 61. f5 Ba7 62. f6 Rf8 63. Kf5 1-0

[Event "RUS-CHN Summit Men 4th"]
[Site "Nizhnij Novgorod"]
[Date "2007.08.28"]
[Round "8"]
[White "Zhang, Pengxiang"]
[Black "Timofeev, Artyom"]
[Result "1-0"]
[WhiteElo "2649"]
[BlackElo "2650"]
[PlyCount "107"]
[EventDate "2007.08.20"]
[EventType "schev"]
[EventRounds "10"]
[EventCountry "RUS"]
[SourceTitle "CBM 120"]
[Source "ChessBase"]
[SourceDate "2007.10.02"]
[SourceVersion "1"]
[SourceVersionDate "2007.10.02"]
[SourceQuality "1"]

1. d4 Nf6 2. Bg5 e6 3. e4 h6 4. Bxf6 Qxf6 5. Nc3 Bb4 6. a3 Bxc3+ 7. bxc3 d6 8.
Bd3 e5 9. Ne2 Nc6 10. Qd2 O-O 11. Qe3 Qg6 12. O-O f5 13. f4 fxe4 14. Bxe4 Bf5
15. Bd5+ Kh8 16. fxe5 Bxc2 17. Nf4 Qg5 18. Be4 Bxe4 19. Qxe4 Kg8 20. Ne6 Rxf1+
21. Rxf1 Qe7 22. Qd5 Kh8 23. Nf4 Qg5 24. Qe4 Kg8 25. exd6 cxd6 26. Qe6+ Kh7 27.
Qxd6 Re8 28. h4 Qg3 29. h5 Re4 30. Qg6+ Qxg6 31. Nxg6 Ne7 32. Ne5 Nc6 33. Ng6
Ne7 34. Rf7 Nxg6 35. hxg6+ Kxg6 36. Rxb7 Re3 37. Rc7 h5 38. d5 Kf6 39. Kf2 Rd3
40. c4 a5 41. a4 Ke5 42. Rxg7 Ra3 43. Re7+ Kd4 44. Rc7 Ke5 45. Rc6 Rxa4 46. d6
Ke6 47. c5 Rd4 48. Ke3 Rg4 49. Rc7 a4 50. d7 Rg3+ 51. Ke4 Rg4+ 52. Kd3 Rg3+ 53.
Kc4 Ke7 54. c6 1-0

[Event "CZE-chT 1213"]
[Site "Czechia"]
[Date "2012.12.02"]
[Round "4.2"]
[White "Zherebukh, Yaroslav"]
[Black "Jakubowski, Krzysztof"]
[Result "1-0"]
[WhiteElo "2627"]
[BlackElo "2510"]
[PlyCount "115"]
[EventDate "2012.11.03"]
[EventType "team-tourn"]
[EventRounds "11"]
[EventCountry "CZE"]
[SourceTitle "EXT 2014"]
[Source "ChessBase"]
[SourceDate "2013.11.20"]
[SourceVersion "1"]
[SourceVersionDate "2013.11.20"]
[SourceQuality "1"]
[WhiteTeam "Praha Mahrla"]
[BlackTeam "Poruba"]
[WhiteTeamCountry "CZE"]
[BlackTeamCountry "CZE"]

1. d4 Nf6 2. Bg5 e6 3. Nd2 h6 4. Bh4 c5 5. e3 Nc6 6. c3 cxd4 7. exd4 b6 8. Ngf3
Bb7 9. Bd3 Be7 10. O-O O-O 11. Nc4 Nh5 12. Nd6 Bxh4 13. Nxb7 Qe7 14. d5 exd5
15. Re1 Bxf2+ 16. Kxf2 Qf6 17. Bf1 d4 18. cxd4 Nf4 19. d5 Nb4 20. Qd2 Nbxd5 21.
g3 Qc6 22. gxf4 Qxb7 23. Ba6 Qxa6 24. Qxd5 Rac8 25. Rac1 Qa4 26. Kg3 Rc6 27.
Rxc6 dxc6 28. Qb3 Qa5 29. Re5 c5 30. Re7 a6 31. a3 b5 32. Qe3 Qb6 33. f5 b4 34.
Re5 bxa3 35. bxa3 Qb8 36. Qf4 Rc8 37. Re3 Qb1 38. Qg4 Rc6 39. Re8+ Kh7 40. Qe4
Qxe4 41. Rxe4 c4 42. Re2 Rb6 43. Ne5 Rb3+ 44. Kg4 Rxa3 45. Nxf7 Ra1 46. Re8
Rg1+ 47. Kh4 g5+ 48. Kh5 Rg2 49. Nxh6 Rxh2+ 50. Kxg5 c3 51. Re7+ Kh8 52. Rc7 c2
53. f6 Rg2+ 54. Ng4 Kg8 55. Kf5 a5 56. Rc8+ Kh7 57. f7 c1=Q 58. Rh8+ 1-0

[Event "Chicago op 25th"]
[Site "Chicago"]
[Date "2016.05.29"]
[Round "7"]
[White "Zherebukh, Yaroslav"]
[Black "Chirila, Ioan Cristian"]
[Result "1-0"]
[WhiteElo "2595"]
[BlackElo "2530"]
[PlyCount "85"]
[EventDate "2016.05.26"]
[EventType "swiss"]
[EventRounds "9"]
[EventCountry "USA"]
[SourceTitle "CBM 172 Extra"]
[Source "ChessBase"]
[SourceDate "2016.06.21"]
[SourceVersion "1"]
[SourceVersionDate "2016.06.21"]
[SourceQuality "1"]

1. d4 Nf6 2. Bg5 d5 3. e3 c5 4. c3 e6 5. Nd2 Be7 6. Bd3 Nbd7 7. Ngf3 b6 8. O-O
Bb7 9. Qb1 h6 10. Bh4 O-O 11. b4 c4 12. Bc2 a5 13. b5 a4 14. Qd1 a3 15. Rb1 Ra5
16. Ne5 Nxe5 17. dxe5 Nd7 18. Bg3 Nc5 19. Nf3 Ne4 20. Qe1 Bc5 21. Nd4 Qe8 22.
Bf4 g5 23. Bg3 f5 24. exf6 e5 25. Bxe4 dxe4 26. Qe2 Ra4 27. Nc6 Bxc6 28. bxc6
Rxf6 29. c7 Rc6 30. Qg4 Rxc7 31. Qxe4 Qe6 32. Rfd1 Raa7 33. Rd5 Re7 34. Bxe5
Rad7 35. Rbd1 Rxd5 36. Rxd5 Rd7 37. Rxd7 Qxd7 38. Qg6+ Kf8 39. Qxh6+ Ke8 40.
Qh5+ Kf8 41. Qh8+ Ke7 42. Qg7+ Ke6 43. Qxd7+ 1-0

[Event "Haarlem BDO-A"]
[Site "Haarlem"]
[Date "2012.09.01"]
[Round "8"]
[White "Zherebukh, Yaroslav"]
[Black "Vaibhav, Suri"]
[Result "1-0"]
[WhiteElo "2629"]
[BlackElo "2502"]
[PlyCount "141"]
[EventDate "2012.08.25"]
[EventType "tourn"]
[EventRounds "9"]
[EventCountry "NED"]
[EventCategory "10"]
[SourceTitle "CBM 150 Extra"]
[Source "ChessBase"]
[SourceDate "2012.10.19"]
[SourceVersion "1"]
[SourceVersionDate "2012.10.19"]
[SourceQuality "1"]

1. d4 Nf6 2. Bg5 e6 3. Nd2 c5 4. e3 Nc6 5. c3 cxd4 6. exd4 Be7 7. Ngf3 b6 8.
Bd3 Bb7 9. O-O O-O 10. Nc4 d6 11. Ne3 Nd5 12. Nxd5 Bxg5 13. Nxg5 Qxg5 14. Ne3
Ne7 15. f4 Qh4 16. Qd2 Rad8 17. Rae1 Nd5 18. Nc4 g6 19. a4 Rd7 20. Na3 Qd8 21.
c4 Nf6 22. b4 Re8 23. Nb5 a5 24. bxa5 bxa5 25. h3 Bc6 26. Qf2 Qa8 27. Re3 Be4
28. Be2 Bc6 29. Rc1 Qd8 30. Bd3 Qa8 31. Rce1 Rf8 32. Kh2 Qd8 33. R3e2 Nh5 34.
g4 Ng7 35. f5 exf5 36. gxf5 Qf6 37. fxg6 Qxf2+ 38. Rxf2 hxg6 39. Nc3 d5 40. Rf6
dxc4 41. Bxc4 Bb7 42. Nb5 Bd5 43. Rd6 Rxd6 44. Nxd6 Bxc4 45. Nxc4 Rd8 46. Rd1
Nf5 47. d5 Nd6 48. Nxd6 Rxd6 49. Kg3 f6 50. Kf3 Kf7 51. Ke4 Rb6 52. Kd4 Ke7 53.
Kc5 Rb3 54. Re1+ Kd7 55. Re6 Rc3+ 56. Kb5 Rd3 57. Kc4 Rxh3 58. Rxf6 g5 59. Rg6
Rg3 60. Kc5 g4 61. Rg7+ Kc8 62. Kd6 Rg1 63. Ra7 g3 64. Rxa5 g2 65. Rc5+ Kb7 66.
Rc2 Kb6 67. Rd2 Ka5 68. Ra2 Kb6 69. Re2 Rh1 70. Rb2+ Ka5 71. Rxg2 1-0